00291nam a2200097 4500082001600000100001700016245005100033260003600084490004100120650003200161 a574.192 WHI aWhite,Emil.H aChemical Background for the Biological Science aNew JerseybPrentice-Hallc1964 aFoundations of modern biology series abiology,chemical background